ბათუმის შოთა რუსთაველის სახელმწიფო უნივერსიტეტის ბიბლიოთეკა

საქართველოს გეოგრაფია (ბიბ.ჩანაწერი № 35817)

000 -LEADER
fixed length control field 00685nam a2200217Ia 4500
001 - CONTROL NUMBER
control field 1706
003 - CONTROL NUMBER IDENTIFIER
control field GE_BSU
008 - FIXED-LENGTH DATA ELEMENTS--GENERAL INFORMATION
fixed length control field 181216s||||||||xx |||||||||||||| ||und||
040 ## - CATALOGING SOURCE
Transcribing agency GE_BSU
100 ## - MAIN ENTRY--PERSONAL NAME
Personal name ბაგრატიონი, ვახუშტი
245 ## - TITLE STATEMENT
Title საქართველოს გეოგრაფია
245 ## - TITLE STATEMENT
Statement of responsibility, etc. რედ. ზურაბ ტატაშიძე
260 ## - PUBLICATION, DISTRIBUTION, ETC.
Place of publication, distribution, etc. თბილისი
260 ## - PUBLICATION, DISTRIBUTION, ETC.
Name of publisher, distributor, etc. მეცნიერება
260 ## - PUBLICATION, DISTRIBUTION, ETC.
Date of publication, distribution, etc. 1977
300 ## - PHYSICAL DESCRIPTION
Extent 371 გვ. 24 სმ.
300 ## - PHYSICAL DESCRIPTION
Accompanying material რუკები
653 ## - INDEX TERM--UNCONTROLLED
Uncontrolled term საქართველოს გეოგრაფია
942 ## - ADDED ENTRY ELEMENTS (KOHA)
Koha item type წიგნი
ეგზემპლარები
Withdrawn status Lost status Damaged status Not for loan Date acquired Barcode Date last seen Price effective from Koha item type Public note
        2018-12-17 3627 2018-12-17 2018-12-17 წიგნი დარბაზი